[Event "EU-Cup 21st"]
[Site "Saint Vincent"]
[Date "2005.09.18"]
[Round "1.2"]
[White "Motylev, Alexander"]
[Black "Siebrecht, Sebastian"]
[Result "1-0"]
[WhiteElo "2675"]
[BlackElo "2487"]
[Annotator "Kritz,L"]
[PlyCount "77"]
[EventDate "2005.09.18"]
[EventType "team-swiss"]
[EventRounds "7"]
[EventCountry "ITA"]
[SourceTitle "CBM 110"]
[Source "ChessBase"]
[SourceDate "2006.01.31"]
[SourceVersion "1"]
[SourceVersionDate "2006.01.31"]
[SourceQuality "1"]
[WhiteTeam "Cheliabinsk"]
[BlackTeam "Eupen Rochade"]
[WhiteTeamCountry "RUS"]
[BlackTeamCountry "BEL"]

1. e4 c5 2. Nf3 e6 3. d4 cxd4 4. Nxd4 a6 {Das ist eine der ganz populären
Varianten, so spielen heutzutage viele Spitzenspieler.} 5. Bd3 (5. Nc3 b5 (5...
Nc6 6. Nxc6 bxc6 7. Bd3) (5... Qc7 6. Bd3) 6. Bd3 {sind die anderen
Hauptvarianten}) 5... Nf6 (5... Bc5 {Dieser Zug wird öfters gespielt und führt
zu sehr komplizierten Igel Stellungen, die beiden Seiten gute Chansen anbieten.
} 6. Nb3 Be7 (6... Ba7 7. Qe2 Nc6 8. Nc3 d6 9. O-O $14) 7. Qg4 g6 (7... Nf6 8.
Qxg7 Rg8 9. Qh6 Rxg2 10. Qh3 Rg8 11. Nc3 $14 {/\Le3/Lf4 - 0-0-0}) 8. Qe2 d6 9.
Nc3 (9. c4 $5 Qc7 10. Nc3 b6 $132) 9... Nd7 10. O-O Qc7 11. Bd2 Ngf6 12. f4 b6
13. Rae1 Bb7 $132) 6. O-O d6 $2 {Ein offensichtlicher Eröffnungsfehler, der
die schwarze Stellung ziemlich schwer spielbar macht. Überraschender Weise
gibt es über 600 Partien, wo Schwarz diesen Zug gespielt hat. Motylev zeigt in
dieser Partie die beste Art, wie man diese Stellung spielen muss.} (6... Qc7 {
Ist die übliche Fortsetzung. Man wartet ab, bis Weiß De2 spielt und zieht erst
dann d6. Warum das so wichtig ist, sieht man aus dem Verlauf der Partie.} 7.
Qe2 (7. c4 $6 Nc6 8. Nxc6 dxc6 9. f4 e5 10. f5 Bc5+ $15) 7... d6 8. c4 g6 9.
Nc3 Bg7 10. Nf3 O-O 11. h3 (11. Bf4 Nh5 12. Be3 Nc6 $11) 11... Nc6 12. Bf4 $14)
7. c4 {Natürlich verliert Weiß jetzt keine Zeit für Qe2.} g6 (7... Nc6 8. Nxc6
bxc6 9. Nc3 Be7 10. Be3 O-O 11. f4 $14) (7... Nbd7 8. Nc3 b6 9. Be3 Bb7 10. f4
$14) 8. Nc3 Bg7 9. Nf3 Nc6 (9... O-O 10. h3 Nc6 11. Bf4 $16 {Jetzt sieht man
schon, warum es für Schwarz gut ist die Züge 6...Qc7.7.Qe2 einzuschließen -
der Bauer d6 könnte nicht so früh angegriffen werden (es droht Be2-Qd2-Rad1)
und Schwarz hätte die Möglichkeit, den Springer als Blockade nach e5 zu
stellen. Jetzt geht die weiße Dame sofort nach d2 und das erhöht die Risiken
der schwarzen Stellung sehr.}) 10. h3 (10. Bf4 {wäre hier auch spielbar, denn
nach} Nh5 {hat Weiß die Möglichkeit} 11. Bg5 Qc7 12. Qd2 O-O (12... h6 13. Be3
Nf6 14. h3 $16 {Schwarz hat Probleme mit der Rochade}) 13. Rad1 $16) 10... Nd7
{Schwarz hat sich nun so gut wie möglich vorbereitet, um den weißen Angriff
gegen den d6-Bauer- abzuwehren. Doch die Gefahr kommt jetzt von der anderen
Seite.} 11. Bg5 $1 (11. Bf4 Nde5 $14 {Schwarz steht zwar schlechter, aber
etwas Konkretes gibt es hier nicht}) 11... Qc7 12. Rc1 $1 {Die wahre Idee
dieses Zuges ist es nicht, den Angriff mittels 13.Nd5 vorzubereiten. Der Turm
steht einfach gut auf der c-Linie, da er prophylaktisch den Bauern auf c4
deckt. Das kann wichtig werden, wie man aus folgenden Varianten sieht:} (12.
Qd2 O-O (12... Nce5 13. Nxe5 Nxe5 14. Rad1 O-O {->12....0-0}) 13. Rad1 Nce5 14.
Nxe5 Nxe5 15. Be2 Nxc4 (15... f5 $5 16. exf5 Rxf5 (16... gxf5 17. Bh6 Bxh6 18.
Qxh6 Rf7 19. Qh4 $16) 17. Ne4 $1 Nxc4 18. Bxc4 d5 19. Ng3 Qxc4 20. Nxf5 gxf5
21. b3 Qc3 22. Qe2 $16) 16. Bxc4 Qxc4 17. Qxd6 b5 $1 (17... Qc6 18. Qg3 b5 19.
Rd6 Qc5 20. Be7 Be5 (20... Re8 21. Rxa6 $1 Qxc3 (21... Qxe7 22. Rxa8 $18) 22.
Qxc3 $1 Rxa6 23. Qc7 Rxa2 24. Qc6 Rxe7 25. Qxc8+ Bf8 26. Rd1 $18) 21. Rd3 Qxe7
(21... Bxg3 22. Bxc5 $18) 22. Qxe5 $14) 18. e5 Bb7 19. Bf6 Qc6 20. Qxc6 Bxc6
21. Bxg7 Kxg7 22. Rd6 Rac8 $11) 12... Nce5 (12... O-O 13. Qd2 (13. Nd5 $2 {
Grundsätzlich gilt: wenn man einen großen positionellen Vorteil hat, braucht
man sich nicht auf unnötige taktische Komplikationen einzulassen - sie können
manchmal auch unglücklich enden!} exd5 14. cxd5 Bxb2 (14... Nc5 15. dxc6 bxc6
16. b4 Nxd3 17. Qxd3 f5 18. Rfd1 fxe4 19. Qxe4 $16) 15. Rc2 Bg7 16. dxc6 bxc6
17. Bf4 Ne5 18. Nxe5 dxe5 19. Be3 $44 {Weiß hat Kompensation, aber auch nicht
mehr.}) 13... Nde5 (13... Nc5 14. Bb1 b6 15. Rfd1 $16) 14. Nxe5 Nxe5 {führt
nur zur Zugumstellung.}) 13. Nxe5 Nxe5 14. Qd2 {Da sieht man zum zweiten Mal
die Folgen des Fehlers von Schwarz im 6. Zug - die Dame kommt auf das Feld d2
in einen Zug, ohne Umweg über e2.} O-O (14... Bd7 15. Be2 Bc6 16. Nd5 $1 {
Jetzt geht´s!} exd5 17. cxd5 O-O 18. dxc6 bxc6 (18... Nxc6 19. Bc4 $16) 19. f4
Nd7 20. Be7 Rfe8 21. Qxd6 (21. Bxd6 Qb6+ 22. Kh2 Rxe4 $13) 21... Qa7+ (21...
Qxd6 22. Bxd6 Rxe4 23. Bf3 $18) 22. Kh2 Nb6 23. Bg5 Rxe4 24. Bg4 $16) (14...
Nxc4 $2 15. Bxc4 Qxc4 16. Qxd6 f6 17. Nd5 $18) 15. Rfd1 {Der Bauer auf d6 ist
nun sehr schwer zu verteidigen.} Re8 (15... Nxd3 16. Qxd3 Be5 17. f4 Qb6+ 18.
Kh1 Bg7 19. Be7 Re8 20. Bxd6 Qxb2 21. Na4 Qf2 (21... Qxa2 22. Nb6 Ra7 23. Bb8
$18) 22. Rc2 Qa7 23. c5 Bd7 24. Nb6 $18) (15... Nxc4 16. Bxc4 Qxc4 17. Nd5 $1
exd5 (17... Qxe4 18. Nb6 Rb8 19. Qxd6 Be5 20. Qe7 $18) (17... Qxa2 18. Nb6 Rb8
19. Qxd6 $18) 18. Rxc4 dxc4 19. Bh6 Bxh6 20. Qxh6 Rd8 21. Qf4 Be6 22. Rxd6 Rxd6
23. Qxd6 $16) 16. Bf1 Bf8 17. Bh6 $1 {Das weiße Spiel läuft ideal, während
Schwarz nicht mal Entwicklung beenden kann.} Be7 18. Qd4 f6 (18... Qc5 $5 19.
Qxc5 (19. Be3 Qxd4 20. Bxd4 Nd7 (20... Nc6 21. Bb6 Bd7 22. Bc7 $18) 21. Na4 f5
$1 22. exf5 gxf5 $14) 19... dxc5 20. Bf4 Nc6 (20... Bf6 21. Na4 Nd7 22. Bc7 $1
$16) 21. Bd6 Bxd6 (21... Nd4 22. Bxe7 Rxe7 23. Na4 Rc7 24. Nxc5 $16) 22. Rxd6
Kf8 (22... Nd4 23. Na4 $16) 23. Na4 Ke7 24. Rd2 Nd4 25. Nxc5 $16) 19. Be3 $16 {
Weiß hat einen Entwicklungsvorsprung und dazu hat sich Schwarz durch f6-g6 am
Königsflügel sehr geschwächt. Der Vorteil von Weiß ist sehr groß.} g5 20. Na4
Bf8 21. Nb6 Rb8 22. Be2 Qf7 23. b4 h5 24. c5 dxc5 25. bxc5 Qg6 26. f4 Nc6 27.
Qc4 Kh8 28. e5 gxf4 29. Qxf4 Nxe5 30. Kh1 Nc6 31. Qh4 Be7 32. Bxh5 Qh7 33. Rc4
Rd8 34. Rxd8+ Bxd8 35. Rg4 Ne5 36. Re4 Qc7 37. Bd4 Kg8 38. Qg3+ Qg7 39. Bxe5
1-0

[Event "EU-Cup 21st"]
[Site "Saint Vincent"]
[Date "2005.09.18"]
[Round "1.5"]
[White "Macieja, Bartlomiej"]
[Black "Trygstad, Kristian"]
[Result "1-0"]
[WhiteElo "2593"]
[BlackElo "2304"]
[Annotator "Kritz,L"]
[PlyCount "79"]
[EventDate "2005.09.18"]
[EventType "team-swiss"]
[EventRounds "7"]
[EventCountry "ITA"]
[SourceTitle "CBM 110"]
[Source "ChessBase"]
[SourceDate "2006.01.31"]
[SourceVersion "1"]
[SourceVersionDate "2006.01.31"]
[SourceQuality "1"]
[WhiteTeam "Warsaw Polonia"]
[BlackTeam "Oslo"]
[WhiteTeamCountry "POL"]
[BlackTeamCountry "NOR"]

1. e4 c5 2. Nf3 e6 3. d4 cxd4 4. Nxd4 a6 {Das ist eine der ganz populären
Varianten, so spielen heutzutage viele Spitzenspieler.} 5. Bd3 (5. Nc3 b5 (5...
Nc6 6. Nxc6 bxc6 7. Bd3) (5... Qc7 6. Bd3) 6. Bd3 {sind die anderen
Hauptvarianten}) 5... Nf6 (5... Bc5 {Dieser Zug wird öfters gespielt und führt
zu sehr komplizierten Igel Stellungen, die beiden Seiten gute Chansen anbieten.
} 6. Nb3 Be7 (6... Ba7 7. Qe2 Nc6 8. Nc3 d6 9. O-O $14) 7. Qg4 g6 (7... Nf6 8.
Qxg7 Rg8 9. Qh6 Rxg2 10. Qh3 Rg8 11. Nc3 $14 {/\ Be3/Bf4 - 0-0-0}) 8. Qe2 d6 9.
Nc3 (9. c4 $5 Qc7 10. Nc3 b6 $132) 9... Nd7 10. O-O Qc7 11. Bd2 Ngf6 12. f4 b6
13. Rae1 Bb7 $132) 6. O-O Qc7 7. Qe2 {Die stärkste Fortsetzung - man will
Schwarz so schnell wie möglich zu d6 zwingen, um seine Möglichkeiten
einzugrenzen.} (7. c4 $6 Nc6 8. Nxc6 dxc6 9. f4 e5 10. f5 Bc5+ $15) (7. f4 $6
Bc5 8. c3 {Wenn man schon solch einen Zug machen muss, kann die Stellung nicht
gut sein.} d6 $11) 7... d6 (7... Nc6 8. Nxc6 dxc6 9. e5 Nd5 10. a3 $1 (10. c4
Nb4 11. Be4 c5 12. Nc3 Nc6 13. Be3 Bd7 $132) 10... b5 11. b3 Be7 12. c4 Nb6 13.
Nc3 $14) 8. f4 (8. c4 {Erst nachdem der schwarze Bauer nach d6 vorgerückt ist,
hat es Sinn c4 zu spielen, denn nach} Nc6 (8... g6 9. Nc3 Bg7 10. Nf3 $1 O-O
11. Bf4 $14 {/\Tfd1-Tac1-Lb1 xd6}) 9. Nxc6 {kann Schwarz nicht mehr mit dem
d-Bauer schlagen und muss nach} bxc6 10. f4 Be7 11. Nc3 O-O 12. Bd2 Rb8 13. b3
$14 {mit gewißen Schwierigkeiten rechnen.}) 8... g6 (8... Nc6 9. Nxc6 (9. Be3
Nxd4 10. Bxd4 e5 11. Be3 Ng4 12. Nc3 Nxe3 13. Qxe3 Qc5 14. Qxc5 dxc5 15. Nd5
Bd6 $11) 9... bxc6 10. Nc3 $14) 9. Kh1 {Eine Profilaxe, die früher oder später
sowieso notwendig ist.} Bg7 10. Nc3 ({Andere Spielmöglichkeit besteht in} 10.
c4 O-O 11. Nc3 Nc6 (11... Nbd7 12. Be3 b6 13. Rac1 $14 {Es entsteht dabei ein
typischer Igel mit dem Läufer auf g7, die Chancen der beiden Seiten sind
ungefähr gleich.})) 10... O-O 11. Nf3 $5 {Eine sehr interessante Idee, die
zwar mit einem großem Zeitverlust verbunden ist, aber trotzdem gute
Perspektiven für Weiß anbietet.} (11. Be3 Nc6 12. Rad1 (12. a3 Nxe4 $1 13. Bxe4
Nxd4 14. Qf2 Nf5 $17) (12. e5 dxe5 13. Nxc6 bxc6 14. fxe5 (14. Bc5 exf4 15.
Bxf8 Bxf8 $15) 14... Qxe5 15. Qf3 Qh5 (15... Bd7 16. Rae1 Qh5 17. Qxh5 Nxh5 18.
Na4 $44) 16. Qxc6 Rb8 $15) (12. Nxc6 bxc6 13. Qf3 Nd7 $11) 12... Bd7 13. Nxc6
Bxc6 14. Bd4 Nd7 15. Bxg7 Kxg7 $11) 11... Nc6 12. Qe1 $1 {Jetzt wird die Idee
von Weiß klar - die Dame strebt nach h4 um von dort den schwarzen König zu
bedrohen.} Nb4 {Schwarz muss dynamisch spielen, denn langsame Abspiele ihn in
Gefahr am Königsflügel bringen.} (12... e5 13. fxe5 dxe5 (13... Nxe5 14. Nxe5
dxe5 15. Bg5 Nh5 16. Nd5 Qb8 $8 17. Be2 Nf4 18. Nxf4 exf4 19. Bxf4 $16) 14. Qh4
Be6 15. Ng5 h5 16. Nxe6 fxe6 17. Bg5 Nd7 18. Be3 $16) (12... d5 $5 {Das ist
vielleicht das beste - man nutzt die Tatsache aus, daß Weiß einiges an der
Zeit verloren hat.} 13. e5 (13. exd5 Nxd5 14. Nxd5 exd5 $11) 13... Nd7 14. Be3
f6 15. exf6 Bxf6 16. Ng5 Bxg5 17. fxg5 d4 18. Bd2 $1 $14) 13. Qh4 Qa5 {/\Dh5}
14. e5 (14. f5 Nxd3 15. cxd3 exf5 16. Bh6 $5 Bxh6 (16... fxe4 17. Ng5 Nh5 18.
Bxg7 Kxg7 19. Ngxe4 Qd8 20. Qf2 d5 21. Qd4+ f6 22. Nc5 $44 (22. Nxd5 Be6 $11))
17. Qxh6 Ng4 18. Qh4 fxe4 19. Ng5 h6 20. Ngxe4 f5 21. Nxd6 Qc7 22. Nxc8 Raxc8
$132) 14... Ne8 (14... Nfd5 15. Ne4 Nxd3 16. cxd3 {xd6} dxe5 17. fxe5 $16) 15.
Bd2 Nxd3 {sonst spielt Weiß Ne4 und mit Springerfesselung.} 16. cxd3 Bd7 (16...
dxe5 17. fxe5 Bxe5 18. Ne4 Qd5 19. Nxe5 Qxe5 20. Bc3 $18) (16... f6 $5 17. Ne4
Qb6 18. Bc3 g5 (18... fxe5 19. fxe5 d5 20. Nfg5 h6 21. Nf6+ Nxf6 22. exf6 hxg5
23. fxg7 Rxf1+ 24. Rxf1 gxh4 25. Rf8+ Kh7 26. Rh8#) 19. fxg5 fxe5 20. g6 $1 h6
(20... hxg6 21. Nfg5 $18) 21. Nxe5 $1 dxe5 (21... Bxe5 22. Rxf8+ Kxf8 23. Rf1+
Kg8 24. Qxh6 $18) 22. Rxf8+ Bxf8 23. Bxe5 Qb5 24. Nf6+ Nxf6 (24... Kh8 25. Nd5+
Kg8 26. Ne7+ Bxe7 27. Qxh6 $18) 25. Qxf6 $18) 17. Ne4 Qd8 18. Qxd8 $1 {
Richtige Entscheidung! Hier einen Angriff zu basteln ist nicht gerade einfach,
stattdessen wählt Weiß eine sichere Abwicklung in ein besseres Endspiel.} (18.
Nfg5 h6 $15) 18... Rxd8 19. Ba5 (19. Bb4 $16 {Ist ebenfalls gut.}) 19... Rc8
20. Bb4 $16 Bc6 21. exd6 Rd8 22. d7 Rxd7 23. Bxf8 Kxf8 24. Ne5 Bxe5 25. fxe5
Rxd3 26. Ng5 Rd2 27. Rxf7+ Kg8 28. Rg1 h6 29. Nf3 Rxb2 30. Re7 Ng7 31. a3 Bd5
32. Rc1 Kf8 33. Rec7 Bc6 34. Rc8+ Kf7 35. Nd4 Bxg2+ 36. Kg1 g5 37. R1c7+ Kg6
38. Rg8 Bd5 39. Rgxg7+ Kh5 40. Rc2 1-0

[Event "FIDE-Wch"]
[Site "San Luis"]
[Date "2005.10.14"]
[Round "14"]
[White "Leko, Peter"]
[Black "Kasimdzhanov, Rustam"]
[Result "1-0"]
[WhiteElo "2763"]
[BlackElo "2670"]
[Annotator "Kritz,L"]
[PlyCount "95"]
[EventDate "2005.09.28"]
[EventType "tourn"]
[EventRounds "14"]
[EventCountry "ARG"]
[EventCategory "20"]
[SourceTitle "CBM 110"]
[Source "ChessBase"]
[SourceDate "2006.01.31"]
[SourceVersion "1"]
[SourceVersionDate "2006.01.31"]
[SourceQuality "1"]

1. e4 c5 2. Nf3 e6 3. d4 cxd4 4. Nxd4 a6 {Das ist eine der ganz populären
Varianten, so spielen heutzutage viele Spitzenspieler.} 5. Bd3 Bc5 6. Nb3 Ba7 (
6... Be7 {ist die andere Hauptvariante} 7. Qg4 g6 (7... Nf6 8. Qxg7 Rg8 9. Qh6
Rxg2 10. Qh3 Rg8 11. Nc3 $14 {/\Le3/Lf4 - 0-0-0}) 8. Qe2 d6 9. Nc3 (9. c4 $5
Qc7 10. Nc3 b6 $132) 9... Qc7 10. O-O Nd7 11. Bd2 b6 12. f4 (12. Rae1 Bb7 13.
Kh1 h5 $132) 12... Ngf6 13. Rae1 Bb7 $132) 7. Qe2 (7. Qg4 {hier ist dieser
Damenzug nicht so gut, da Schwarz aufgrund des aktiveren Läufers auf a7
starkes Spiel bekommt:} Nf6 $1 8. Qxg7 $2 (8. Qg3 $1 d6 9. O-O O-O 10. Nc3 Nc6
11. Rd1 Ne5 $132 {viel kann Weiß hier auch nicht erreichen}) 8... Rg8 9. Qh6
Rxg2 $15 {xf2}) (7. O-O Nc6 8. Qg4 $6 Nf6 9. Qxg7 Rg8 10. Qh6 Ne5 $44 {zum
Beispiel:} 11. Nc3 b5 12. Bf4 Neg4 13. Qh4 Nxf2 14. Rxf2 Rg4 15. Qh6 Bxf2+ 16.
Kxf2 Ng8 $1 $17) 7... Nc6 8. Be3 d6 9. f4 {Das ist wohl die beste Methode,
gegen diese von Schwarz gewählte Variante zu kämpfen. Man wartet ab mit der
Entwicklung des Springers und macht alle notwendigen Züge.} (9. N1d2 $2 {
Dieser Zug mit der Idee der langen Rochade scheitert an einer unerwarteten
Reaktion:} e5 $1 10. f4 {ist hier wohl das Beste} (10. Bxa7 Rxa7 11. Nc4 b5 12.
Ne3 Nf6 13. O-O-O Be6 $15 {Schwarz hat einen super Najdorfaufbau erreicht.})
10... Nf6 11. O-O-O Bg4 12. Nf3 Bxe3+ 13. Qxe3 exf4 14. Qxf4 Qc7 15. h3 Be6 16.
Nbd4 Nxd4 17. Nxd4 O-O $11) (9. Nc3 {ist auch gut spielbar, dieser Zug hat
jedoch einen kleinen Nachteil, dass Schwarz nach Zügen b5 und a4 (a4 von der
Seite von Weiß) b4 mit Angriff auf den Springer spielen kann.} Nf6 (9... Nge7
$5 10. O-O O-O 11. f4 b5 12. a4 Bxe3+ (12... b4 13. Nd1 Bxe3+ 14. Nxe3 $14) 13.
Qxe3 b4 14. Ne2 $14) 10. O-O b5 11. a4 b4 (11... Bxe3 {der Versuch die weiße
Dame nach e3 zu locken endet traurig} 12. axb5 $1 Bd4 (12... Bxf2+ 13. Qxf2 Ne5
14. Qd4 Nxd3 15. Qxd3 Bb7 16. Na5 $16) 13. Nd1 Qc7 14. bxc6 Bb6 15. Ne3 O-O (
15... Qxc6 16. Nd5 $1 Bd8 17. Na5 Qd7 18. Nxf6+ Bxf6 19. Nc4 $16) 16. Nc4 Qxc6
17. Nxd6 Qxd6 18. e5 Qb8 19. exf6 gxf6 20. Qg4+ Kh8 21. Qh4 f5 22. Rfe1 $40)
12. Nd1 Bxe3 13. Nxe3 $14 {Weiß hat ein leichtes Spiel, denn der schwarze
Damenflügel ist sehr geschwächt.}) 9... Qc7 (9... b5 $6 {Wäre hier zu früh.
Diesen Zug sollte man ausführen, nachdem Weiß Sc3 gespielt hat, denn sonst
entwickelt sich die weiße Initiative am Damenflügel sehr schnell. Andererseits
bieten die anderen Fortsetzungen ebenfalls nicht viele Perspektiven an.} 10. a4
$1 {Weiß ergreift sofort die Initiative am Damenflügel und nutzt die Tatsache
aus, daß Schwarz nicht gut b4 spielen kann.} bxa4 (10... b4 $6 11. Bxa7 Rxa7
12. O-O Nf6 13. N1d2 O-O 14. a5 $16 {strategisch steht Schwarz am Rande der
Niederlage. Der a6 Bauer ist eine ewige Schwäche, der weiße Springer
manövriert über c4 nach b6, d6 ist auch schwach, dazu hat Weiß noch den
Raumvorteil und starken Zentrum.}) 11. Rxa4 {xa6} Bxe3 12. Qxe3 Nf6 13. O-O O-O
14. Nc3 (14. N1d2 $5 Ng4 (14... e5 15. Nc4 exf4 16. Qxf4 $14) 15. Qf3 e5 (15...
Qb6+ 16. Kh1 e5 17. Nc4 Qc7 18. f5 Nf6 19. Ne3 $16) 16. Nc4 (16. f5 Qh4 $1 17.
h3 Nf6 18. Nc4 Rd8 19. Ne3 Bb7 20. Rfa1 a5 $132) 16... exf4 17. Qxf4 Nge5 18.
Ne3 Be6 $132) 14... e5 $1 {Schwarz muss dynamisch agieren, ansonsten wird
weiße Initiative am Damenflügel mittels Tfa1 sehr gefährlich.} (14... d5 $2 15.
e5 Nd7 (15... Ng4 16. Qg3 Qb6+ 17. Kh1 f5 18. h3 Nh6 19. Ra3 $1 Nb4 20. Na4 Qc7
21. Nac5 Nxd3 22. Qxd3 $16) 16. Qh3 $1 h6 (16... g6 17. Qh6 $16) 17. Nd1 $16 {
Weiß schaltet ganz unerwartet um und greift den geschwächten schwarzen König
an. Es droht Se3-Sg4 und evtl. Springeropfer auf h6.}) 15. Nd5 $1 Be6 (15...
exf4 16. Qxf4 (16. Rxf4 Nd7 17. e5 {sonst kann Schwarz nach Nde5 die Blockade
im Zentrum aufbauen.} Ndxe5 18. Bxh7+ Kxh7 19. Nf6+ gxf6 (19... Qxf6 20. Rxf6
gxf6 21. Rh4+ Kg6 22. Qh6+ Kf5 23. Rf4+ Ke6 24. Qxf8 $18) 20. Rh4+ Kg6 (20...
Kg8 21. Qh6 $18) 21. Qg3+ Bg4 $1 (21... Kf5 22. Qh3+ Kg6 23. Rh6+ Kg7 (23...
Kg5 24. Qh5#) 24. Rh7+ Kg8 25. Rh8+ Kg7 26. Qh6#) 22. Rhxg4+ Kf5 $1 (22... Nxg4
23. Qxg4+ Kh6 24. Qh3+ Kg6 25. Rg4+ Kf5 26. Rh4+ Ke5 27. Rh5+ f5 28. Qxf5#) 23.
Nd4+ Nxd4 24. Rgxd4 Ke6 $19) 16... Nxd5 (16... Nd7 17. Qxd6 $18) 17. exd5 Ne5
18. Qg3 $16) 16. Nxf6+ (16. fxe5 Ng4 (16... Nxd5 17. exd5 Bxd5 18. Bxh7+ Kxh7
19. Qh3+ Kg8 20. Rh4 f6 21. exf6 $18) 17. Qg3 Ngxe5 (17... dxe5 18. h3 $16) 18.
Rxa6 Rxa6 19. Bxa6 Bxd5 20. exd5 Qb6+ 21. Qf2 Qxa6 22. dxc6 Qxc6 $11) 16...
Qxf6 17. f5 (17. fxe5 Qxe5 18. Rxa6 Rxa6 19. Bxa6 Qxb2 $11) 17... Bxb3 18. cxb3
a5 19. Bc4 Nb4 20. Qb6 Qd8 21. Qxd8 Rfxd8 22. Rfa1 $14 {Weiß hat zwar einen
kleinen, aber sicheren Vorteil.}) (9... Nf6 $5 10. Bxa7 Rxa7 11. c4 O-O 12. O-O
b6 13. Nc3 Nd7 14. Rad1 $14) 10. O-O Nf6 11. Bxa7 Rxa7 12. Nc3 (12. Kh1 O-O 13.
a3 b5 14. N1d2 e5 15. f5 d5 $132 {Short - Fominyh (Mumbai, 2004)}) 12... b5 {
Einerseits schwächt dieser Zug den Damenflügel und bringt Schwarz keine großen
Vorteile, andererseits, wenn Schwarz auf b5 verzichtet, hat er überhaupt
keinen aktiven Plan.} (12... O-O $5 13. Rae1 (13. Kh1 $5 {Ebenfalls ein
Wartezug. Spielt Schwarz b5 - kann Weiß in günstigeren Situation für sich a4
spielen. Schwarz wird dann nicht auf a4 nehmen können, da Weiß mit dem Turm
zurückschlägt.} b5 14. a4 b4 (14... bxa4 15. Rxa4 $16) 15. Nd1 a5 16. Ne3 {
-> Übergang zur Partie}) 13... b5 14. a4 bxa4 $5 {Das könnte vielleicht eine
Alternative sein - erst abwarten bis der Turm die a-Linie verlässt und dann
b5-ba spielen.} (14... b4 15. Nd1 $14) 15. Nxa4 e5 16. f5 a5 $13) 13. a4 b4 14.
Nd1 a5 {Sonst spielt Weiß selbst a5 und blockiert den weißen Bauer auf a6, so
daß er zur ewigen Schwäche im schwarzen Lager wird.} (14... O-O 15. a5 $5 e5 (
15... Bb7 16. Ne3 $14) 16. f5 d5 17. Nf2 $14) 15. Ne3 O-O 16. Kh1 Bb7 17. Ng4
Nxg4 (17... Qe7 18. Rae1 (18. e5 $6 Nxg4 19. Qxg4 dxe5 20. fxe5 Nxe5 21. Bxh7+
Kxh7 22. Qh5+ Kg8 23. Qxe5 Bd5 $15) 18... Raa8 19. e5 Nxg4 20. Qxg4 dxe5 21.
fxe5 Ba6 22. Re3 Bxd3 23. cxd3 $14) 18. Qxg4 Raa8 19. Rae1 Qe7 20. Re3 $36 {
Weiß hat einen klaren Plan - Angriff auf dem Königsflügel, und Schwarz hat
kein gutes Gegenspiel.} g6 21. Qg3 Rfe8 22. Bb5 Rac8 23. c3 Red8 24. f5 bxc3
25. bxc3 Ra8 26. f6 Qf8 27. Qf4 h6 28. Rh3 g5 29. Qe3 Ne5 30. Rh5 Ng6 31. Qh3
Bxe4 32. Nd2 Bc2 33. Rxh6 Rac8 34. Rh5 Rc5 35. Rc1 g4 36. Qxg4 Bf5 37. Qg3 d5
38. Nb3 Rcc8 39. Nd4 Be4 40. Nc6 Rxc6 41. Bxc6 Qd6 42. Qg5 Qf4 43. Qxf4 Nxf4
44. Rg5+ Kh7 45. Bb5 Kh6 46. h4 Nxg2 47. Rxg2 Rg8 48. Rcc2 1-0